Duplication from obfuscation (Record no. 72305)
[ view plain ]
| 000 -LEADER | |
|---|---|
| fixed length control field | 01091cam a2200217 4500 |
| 001 - CONTROL NUMBER | |
| control field | X121623 |
| 008 - FIXED-LENGTH DATA ELEMENTS--GENERAL INFORMATION | |
| fixed length control field | 030313n2003 000 0 eng u |
| 035 ## - SYSTEM CONTROL NUMBER | |
| System control number | (Sirsi) u121623 |
| 100 ## - MAIN ENTRY--PERSONAL NAME | |
| Personal name | Campbell, G. |
| 245 ## - TITLE STATEMENT | |
| Title | Duplication from obfuscation |
| 260 ## - PUBLICATION, DISTRIBUTION, ETC. | |
| Date of publication, distribution, etc. | 2003 |
| 490 ## - SERIES STATEMENT | |
| Series statement | Estates Gazette |
| Volume/sequential designation | (0309) 1 March 2003, 187(1) |
| 520 ## - SUMMARY, ETC. | |
| Summary, etc. | Looks at government proposals to abolish twin tracking or duplicate planning applications. Clause 41 of the Planning and Compulsory Purchase Bill enables councils to decline overlapping applications in situations where the development and the land referred to are the same or mostly the same as those contained in a previously submitted application. Argues that twin tracking was a reaction to a complex, slow and inefficient planning system and that if government tackled these issues the need to twin track would not arise. |
| 650 ## - SUBJECT ADDED ENTRY--TOPICAL TERM | |
| Topical term or geographic name entry element | TWIN TRACKING |
| 650 ## - SUBJECT ADDED ENTRY--TOPICAL TERM | |
| Topical term or geographic name entry element | PLANNING SYSTEM |
| 650 ## - SUBJECT ADDED ENTRY--TOPICAL TERM | |
| Topical term or geographic name entry element | PLANNING AND COMPULSORY PURCHASE ACT 2004 |
| 650 ## - SUBJECT ADDED ENTRY--TOPICAL TERM | |
| Topical term or geographic name entry element | PLANNING REFORM |
| 650 ## - SUBJECT ADDED ENTRY--TOPICAL TERM | |
| Topical term or geographic name entry element | PLANNING APPLICATIONS |
| 690 ## - LOCAL SUBJECT ADDED ENTRY--TOPICAL TERM (OCLC, RLIN) | |
| Topical term or geographic name as entry element | PLANNING |
| 942 ## - ADDED ENTRY ELEMENTS (KOHA) | |
| Suppress in OPAC | 0 |
| Withdrawn status | Lost status | Source of classification or shelving scheme | Damaged status | Not for loan | Home library | Current library | Shelving location | Date acquired | Total Checkouts | Full call number | Barcode | Date last seen | Copy number | Price effective from | Koha item type |
|---|---|---|---|---|---|---|---|---|---|---|---|---|---|---|---|
| Dewey Decimal Classification | London | London | Journal article | 13/03/2003 | X121623 | 121623-1001 | 06/08/2019 | 1 | 06/08/2019 | Journal article |